00977nam a2200265Ia 4500003000400000005001700004006001800021007000300039008004100042024001000083037001100093040001800104041001300122100003000135110011800165245011600283260004500399300001900444650002700463700003400490700003800524700011800562942001200680999001900692OSt20220930084605.0a|||||r|||| 00| 0ta220926b |||||||| |||| 00| 0 eng d a85079 cTheses aCRLcCRLbeng 2engaeng aGaur Shiv Shankar9538008 aUniversity of Delhi. Faculty of Inter-disciplinary and Applied Sciences. Department of Electronic Science9522757 0aFabrication and characterization of dye-doped polymeric waveguides for optoelectronics and sensing applications aDelhibUniversity of Delhi India c2006 a127p.ap.ccm. aELECTRICAL ENGINEERING a Dr. V. K. Sharma Gu.9532647 a Prof. K. N. Tripathi Gu.9532411 aUniversity of Delhi. Faculty of Inter-disciplinary and Applied Sciences. Department of Electronic Science9522758 cDIS2CC c877468d877468